ბათუმის შოთა რუსთაველის სახელმწიფო უნივერსიტეტის ბიბლიოთეკა

ფანჯარა ეზოს მხარეს. ჩიბუხიანი მთვარე. ხოოდის დებიუტი (ბიბ.ჩანაწერი № 48635)

000 -LEADER
fixed length control field 00891nam a2200217Ia 4500
001 - CONTROL NUMBER
control field 15535
003 - CONTROL NUMBER IDENTIFIER
control field GE_BSU
008 - FIXED-LENGTH DATA ELEMENTS--GENERAL INFORMATION
fixed length control field 181216s||||||||xx |||||||||||||| ||und||
040 ## - CATALOGING SOURCE
Transcribing agency GE_BSU
080 ## - UNIVERSAL DECIMAL CLASSIFICATION NUMBER
Universal Decimal Classification number 821.312.4
100 ## - MAIN ENTRY--PERSONAL NAME
Personal name აირიში,უ.
245 ## - TITLE STATEMENT
Title ფანჯარა ეზოს მხარეს. ჩიბუხიანი მთვარე. ხოოდის დებიუტი
245 ## - TITLE STATEMENT
Statement of responsibility, etc. რედ.ლ.ბეჟანიძე. მხატვ. ჯ.მიქელაძე. თარგმნ. ნ. ძოწენიძემ.
260 ## - PUBLICATION, DISTRIBUTION, ETC.
Place of publication, distribution, etc. ბათუმი
260 ## - PUBLICATION, DISTRIBUTION, ETC.
Name of publisher, distributor, etc. საბჭოთა აჭარა
260 ## - PUBLICATION, DISTRIBUTION, ETC.
Date of publication, distribution, etc. 1979
300 ## - PHYSICAL DESCRIPTION
Extent 248გვ.20სმ.
653 ## - INDEX TERM--UNCONTROLLED
Uncontrolled term ფანჯარა ეზოს მხარეს
653 ## - INDEX TERM--UNCONTROLLED
Uncontrolled term ჩიბუხიანი მთვარე. ხოოდის დებიუტი
942 ## - ADDED ENTRY ELEMENTS (KOHA)
Koha item type წიგნი
ეგზემპლარები
Withdrawn status Lost status Damaged status Not for loan Date acquired Barcode Date last seen Price effective from Koha item type
        2018-12-17 21090 2018-12-17 2018-12-17 წიგნი
        2018-12-17 21091 2018-12-17 2018-12-17 წიგნი
        2018-12-17 21092 2018-12-17 2018-12-17 წიგნი
        2018-12-17 21093 2018-12-17 2018-12-17 წიგნი
        2018-12-17 21094 2018-12-17 2018-12-17 წიგნი
        2018-12-17 21095 2018-12-17 2018-12-17 წიგნი
        2018-12-17 21096 2018-12-17 2018-12-17 წიგნი